The law of contract: Fundamentals principles of law /
The Law of Contract concentrates on the central aspects of contract law, providing a concise yet authoritative introduction to this complex subject. This edition has been fully updated to include important recent case law
Salvato in:
| Autore principale: | |
|---|---|
| Natura: | Libro |
| Pubblicazione: |
London:
Sweet & Maxwell,
c2002.
|
| Edizione: | 4th ed. |
| Soggetti: | |
| Tags: |
Aggiungi Tag
Nessun Tag, puoi essere il primo ad aggiungerne!!
|
MARC
| LEADER | 00000nam a22000007a 4500 | ||
|---|---|---|---|
| 005 | 20251003134644.0 | ||
| 020 | |a 042178170X |c TZS 50,770/= | ||
| 040 | |a MCCL |b eng. |e AACR 2nd. rev. ed. | ||
| 082 | |a 346.02 SMI | ||
| 100 | |a Smith,John | ||
| 245 | |a The law of contract: |b Fundamentals principles of law / |c John Smith | ||
| 250 | |a 4th ed. | ||
| 260 | |a London: |b Sweet & Maxwell, |c c2002. | ||
| 300 | |a xxiv,274p.; |c 22cm. | ||
| 504 | |a Includes index | ||
| 520 | |a The Law of Contract concentrates on the central aspects of contract law, providing a concise yet authoritative introduction to this complex subject. This edition has been fully updated to include important recent case law | ||
| 546 | |a eng. | ||
| 650 | |a Contact | ||
| 650 | |a Contracts |b England | ||
| 700 | |a Smith,John | ||
| 942 | |c BK | ||
| 999 | |c 11735 |d 11735 | ||